000 00407nam a2200145 a 4500
001 000047345
005 20201002060507.0
008 180507s1979 dr a 000 spa d
040 _aDO-SdBNP
_bspa
_cBNPHU
082 _axxx
_bE192
245 0 _aEcos del pinar 1979.
260 _aSanto Domingo :
_aAsociación Central Dominicana,
_c1979.
300 _a108 p. :
_bil ;
_c32 cm.
590 _aInventariado,2018/DG
999 _c46833
_d46833